D. D. Josephi Emmanuelis de Roxas et Almansa ... tractatus unicus de incompatibilitate & repugnantia possidendi plures Majoratus deque natura & cognitione uniuscujusque speciei eorum : (Record no. 163880)

MARC details
000 -LEADER
campo de control de longitud fija 01649nam a2200301 i 4500
001 - NÚMERO DE CONTROL
campo de control 163880
003 - IDENTIFICADOR DE NÚMERO DE CONTROL
campo de control ES-MaACL
005 - FECHA Y HORA DE LA ÚLTIMA TRANSACCIÓN
campo de control 20250808232908.0
008 - DATOS DE LONGITUD FIJA--INFORMACIÓN GENERAL
campo de control de longitud fija 931025s1755 sp f 001 0 lat d
100 1# - ENTRADA PRINCIPAL--NOMBRE DE PERSONA
Nombre de persona Rojas y Almansa, Jose Manuel.
9 (RLIN) 132002
245 10 - MENCIÓN DEL TÍTULO
Título D. D. Josephi Emmanuelis de Roxas et Almansa ... tractatus unicus de incompatibilitate & repugnantia possidendi plures Majoratus deque natura & cognitione uniuscujusque speciei eorum :
Resto del título in duos tomos distributum... : tomus primus [-secundus].
260 ## - PUBLICACIÓN, DISTRIBUCIÓN, ETC.
Lugar de publicación, distribución, etc. Matriti :
Nombre del editor, distribuidor, etc. apud Antonium Marin,
Fecha de publicación, distribución, etc. 1755.
300 ## - DESCRIPCIÓN FÍSICA
Extensión 2 t. en 1 v. ([24], 305, [10], 607, [1] h. de grab.) :
Otras características físicas il. ;
Dimensiones Fol.
530 ## - NOTA DISPONIBLE DE FORMULARIO FÍSICO ADICIONAL
Nota de formato físico adicional disponible Disponible en formato digital.
597 ## - NOTA DE DESCRIPCIÓN FÍSICA
NOTA DE DESCRIPCIÓN FÍSICA Sign.: [calderón]-3[calderón]4, A-Z4, 2A-2P4, 2Q2, [calderón]4, A-Z4, 2A-2Z4, 3A-3Z4, 3A-3G4.
597 ## - NOTA DE DESCRIPCIÓN FÍSICA
NOTA DE DESCRIPCIÓN FÍSICA Texto a dos col.
597 ## - NOTA DE DESCRIPCIÓN FÍSICA
NOTA DE DESCRIPCIÓN FÍSICA Antep.
597 ## - NOTA DE DESCRIPCIÓN FÍSICA
NOTA DE DESCRIPCIÓN FÍSICA Segundo tomo con antep., port., pag. y sign. propia.
599 ## - NOTA A LAS ILUSTRACIONES
NOTA A LAS ILUSTRACIONES Ilustraciones calc. en anteps.: "Ml Rz, Ss"
599 ## - NOTA A LAS ILUSTRACIONES
NOTA A LAS ILUSTRACIONES La h. de grab. calc.: "M\pl\s, R\pz\s, Dº, S\ps\s", representa a la Inmaculada.
650 #7 - PUNTO DE ACCESO ADICIONAL DE MATERIA--TÉRMINO DE MATERIA
Término de materia o nombre geográfico como elemento de entrada Herencias y sucesiones-
Subdivisión geográfica España
Fuente del encabezamiento o término
9 (RLIN) 162042
650 ## - PUNTO DE ACCESO ADICIONAL DE MATERIA--TÉRMINO DE MATERIA
Término de materia o nombre geográfico como elemento de entrada Mayorazgo.
9 (RLIN) 174651
852 4# - LOCALIZACIÓN
Ubicación ES-MaACL
Número de control de estantería R-2081
Nota libre - Enc. perg., con lomo roto. Olim: G-5598.
856 4# - LOCALIZACIÓN Y ACCESO ELECTRÓNICOS
Identificador Uniforme de Recursos <a href="http://hdl.handle.net/10481/37857 ">http://hdl.handle.net/10481/37857 </a>
Nota pública Fondo bibliográfico histórico de la Universidad de Granada
856 4# - LOCALIZACIÓN Y ACCESO ELECTRÓNICOS
Identificador Uniforme de Recursos <a href="http://hdl.handle.net/10481/37858 ">http://hdl.handle.net/10481/37858 </a>
Nota pública Fondo bibliográfico histórico de la Universidad de Granada
856 4# - LOCALIZACIÓN Y ACCESO ELECTRÓNICOS
Identificador Uniforme de Recursos <a href="https://patrimoniodocumental.icam.es/es/consulta/registro.do?id=87620">https://patrimoniodocumental.icam.es/es/consulta/registro.do?id=87620</a>
Nota pública Biblioteca del Ilustre Colegio de Abogados de Madrid
Holdings
Estatus retirado Estado de pérdida Estado de daño No para préstamo Colección Biblioteca de origen Biblioteca actual Ubicación en estantería Fecha de adquisición Fuente de adquisición Total de préstamos Signatura topográfica completa Código de barras Visto por última vez Precio de reemplazo Tipo de ítem Koha
        Colección digital Biblioteca del Ateneo de Madrid Biblioteca del Ateneo de Madrid Depósito 17/01/2008     R-2081 1171750 23/02/2023 23/02/2023 Libro impreso antiguo